แสดงรายละเอียดบรรณานุกรม
  กลับหน้าหลัก

Brief Record : Get Marc (ISO 2709) : E-mail record : QR code ปิดหน้าต่าง
E-books : เกี่ยวกับ Collections
LEADER 00000nam 2200000uu 4500
001    211754
003     ULIBM
008    020711s2559 th a 000 0 tha d
041    ^atha^beng
060  4 WA540.JT3 ร244ก 2559
100    ระพีพงศ์ สุพรรณไชยมาตย์
245    การตอบสนองของนโยบายและผลลัพธ์ของบัตรประกันสุขภาพคนต่างด้าวและผู้ติดตามในประเทศ/^cระพีพงศ์ สุพรรณไชยมาตย์, วีระศักดิ์ พุทธาศรี, คนางค์ คันธมธุรพจน์
246 31 ^aResponses in implementation and outcom eveluation of Health Insurance Card for cross policy for cross-border migrants and their dependants in Thailand
260    นนทบุรี :^bสำนักงานพัฒนานโยบายสุขภาพระหว่างประเทศ กระทรวงสาธารณสุข,^c2559
300    169 หน้า :^bภาพประกอบ ;^c24 ซม.
650  4 บัตรประกันสุขภาพคนต่างด้าว
650  4 ^aคนต่างด้าว^xสุขภาพและอนามัย
650  4 ^aวิจัย
700 0  ^aวีระศักดิ์ พุทธาศรี
700 0  ^aคนางค์ คันธมธุรพจน์
710 2  ^aกระทรวงสาธารณสุข. สำนักงานพัฒนานโยบายสุขภาพระหว่างประเทศ
999    ^aใช้งานได้ทุกระบบ
รายการนี้ยังไม่มีแท็ก
คุณยังไม่ได้ล็อกอิน คุณสามารถมีกิจกรรมร่วมกับเว็บไซต์ได้ แต่ต้องล็อกอินก่อน ::
  ล็อกอิน
ลำดับที่ ประเภท เลขเรียก สถานที่ สถานะ
1. หนังสือทั่วไป
หนังสือทั่วไป
WA540.JT3 ร244ก 2559  
  
หนังสือทั่วไป On Shelf
  ขอยืม
2. หนังสือทั่วไป
หนังสือทั่วไป
WA540.JT3 ร244ก 2559 ฉ.2 
  
หนังสือทั่วไป On Shelf
  ขอยืม
Note:บริจาค
   [แสดง 2/2 รายการ]

รายการใกล้เคียง
    ผู้แต่ง [ระพีพงศ์ สุพรรณไชยมาตย์]

    หัวเรื่อง [วิจัย]

BibComment


ยังไม่เคยถูกคอมเมนท์

คอมเมนท์ทรัพยากรรายการนี้
  คอมเมนท์: การตอบสนองของนโยบ..
Bib 211754

 
 
 

 Union Library Management : ULibM
Copyright 2026. All Rights Reserved.
скачать бесплатно без регистрации порно красивый секс HD Sex Hindi sex

xxx gou

xxxx

bfxxx

xxxwww

Секса Видео

xxxx

Секса Видео

detube

geilexxx

C99 Shell

worms shell

blod xxx video
Ebony Coed Rihanna Rimes Takes A Dick In Her Young Twat priyaa indian fuck anal and pusssy hardcore indian women xxx desi hardcore fucking part 1 bengalixxxcouple